AU LIBRARIES
Centralized Library System Across Seven Campuses

The Advanced Fixed Income and Derivatives Management Guide (Record no. 47548)

MARC details
000 -LEADER
fixed length control field 00482nam a22001697a 4500
005 - DATE AND TIME OF LATEST TRANSACTION
control field 20260507114541.0
008 - FIXED-LENGTH DATA ELEMENTS--GENERAL INFORMATION
fixed length control field 260507b |||||||| |||| 00| 0 eng d
020 ## - INTERNATIONAL STANDARD BOOK NUMBER
ISBN 978-1-119-01414-0
082 ## - DEWEY DECIMAL CLASSIFICATION NUMBER
Classification number 332.632
Author Mark SIM-A
100 ## - MAIN ENTRY--AUTHOR
Author Name SIMOZAR, SAIED
245 ## - TITLE STATEMENT
Title The Advanced Fixed Income and Derivatives Management Guide
260 ## - PUBLICATION, DISTRIBUTION, ETC.
Place of Publication United Kingdom
Name of publisher, distributor, etc. John Wiley & Sons Ltd,
Date of publication, distribution, etc. 2015
300 ## - PHYSICAL DESCRIPTION
Pages 351 p.
500 ## - GENERAL NOTE
General note Includes Index.
650 ## - SUBJECT ADDED ENTRY--TOPICAL TERM
Subject / Department Manaegement Sciences
942 ## - ADDED ENTRY ELEMENTS (KOHA)
Koha item type Book
Holdings
Withdrawn status Lost status Damaged status Not for loan Collection code Permanent Location Current Location Shelving Location Date acquired Source of acquisition Price Inventory number Total Checkouts Full Call Number Accession No./Barcode Date last seen Koha item type
        Management Science Air University Kharian Campus Library Air University Kharian Campus Library Management Science 04/09/2026 Ali Book Services 2006.00 KA/10221   332.632 SIM-A AUKHP0665 05/07/2026 Book
Air University Sector E-9, Islamabad Pakistan
Email: librarian@au.edu.pk  Tel : +0092 51 9262612 Ext: 631